000 00564nam a2200193 a 4500
001 1770451648161
003 YourLibrary
005 20260207134015.0
008 260207s2010##################000#0#eng##
020 _a9780470277348
082 0 4 _a332.632
_bHOO
100 1 _aHooke, Jeffrey C.,
_eauthor.
245 1 0 _aSecurity Analysis and Business Valuation on Wall Street, + Companion Web Site :
260 _bJohn Wiley & Sons,
_c2010.
300 _a436 pages
650 0 _aBusiness & Economics.
942 _cENGLISH
040 _aYourLibrary
_beng
_cYourLibrary
999 _c610797
_d610797